Výstavnictví zvyšte své šance na úspěch
Význam veľtrhu medzi ostatnými nástrojmi marketingového mixu. Stanovenie cieľov účasti na veľtrhu. Expozícia ako okno do firmy. Rozhodujúci prvý dojem. Zhodnotenie účasti podniku na veľtrhu. Kontrola úspešnosti.
Saved in:
| Main Author: | |
|---|---|
| Other Authors: | |
| Format: | Book Chapter |
| Language: | Czech |
| Subjects: | |
| Tags: |
No Tags, Be the first to tag this record!
|
MARC
| LEADER | 00000naa$a2200000$$$4500 | ||
|---|---|---|---|
| 001 | 0088391 | ||
| 005 | 20231011071612.8 | ||
| 041 | 0 | |a cze | |
| 044 | |a CZ | ||
| 245 | 1 | 0 | |a Výstavnictví |b zvyšte své šance na úspěch |c Lucie Zumrová, Silvie Ondrášková |
| 500 | |a Článok je na s. 12-13 špeciálneho vydania k výročiu fóra Eastlog | ||
| 520 | |a Význam veľtrhu medzi ostatnými nástrojmi marketingového mixu. Stanovenie cieľov účasti na veľtrhu. Expozícia ako okno do firmy. Rozhodujúci prvý dojem. Zhodnotenie účasti podniku na veľtrhu. Kontrola úspešnosti. | ||
| 610 | 2 | 0 | |a veľtrhy |
| 610 | 2 | 0 | |a výstavy |
| 610 | 2 | 0 | |a firmy |
| 610 | 2 | 0 | |a nástroje marketingové |
| 610 | 2 | 0 | |a marketing mix |
| 610 | 2 | 0 | |a zákazníci |
| 100 | 1 | |a Zumrová, Lucie | |
| 700 | 1 | |a Ondrášková, Silvie | |